Avril Lavigne Charting Songs (Billboard Hot Rock) - Statistics

General Stats
  • This quiz has been taken 7 times
    4 since last reset
  • The average score is 3 of 7
Answer Stats
Album Weeks On Peak Artist(s) Song % Correct
Love Sux 19 Weeks #13 Avril Lavigne Bite Me
67%
Internet Killed the Rockstar 4 Weeks #35 MOD SUN ft. Avril Lavigne Flames
67%
Love Sux 13 Weeks #28 Avril Lavigne with YUNGBLUD I'm a Mess
67%
Love Sux 16 Weeks #15 Avril Lavigne ft. blackbear Love It When You Hate Me
67%
Love Sux 2 Weeks #22 Avril Lavigne ft. Machine Gun Kelly Bois Lie
33%
ILLENIUM 2 Weeks #27 ILLENIUM, Avril Lavigne & Travis Barker Eyes Wide Shut
33%
Lately I Feel Everything 1 Week #45 WILLOW & Avril Lavigne ft. Travis Barker G R O W
0%
No matching quizzes found
Score Distribution
Percent of People with Each Score
Percentile by Number Answered
Your Score History
You have not taken this quiz since the last reset